Obstetrics by ten teachers (Record no. 33137)

MARC details
000 -LEADER
fixed length control field 00465nam a2200193Ia 4500
020 ## - INTERNATIONAL STANDARD BOOK NUMBER
ISBN 9781498744393
050 ## - CALL MARK
Classification number RG 524 .O27/
100 ## - STATEMENT OF RESPONSIBILITY--MAIN AUTHOR NAME
Personal name Edited by Louise C Kenny & Jenny E Myers
245 #0 - TITLE STATEMENT
Title Obstetrics by ten teachers
250 ## - EDITION / VOLUME STATEMENT
Edition / Volume statement 20th ed
260 ## - PUBLICATION, DISTRIBUTION, ETC. (IMPRINT)
Place of publication United state
260 ## - PUBLICATION, DISTRIBUTION, ETC. (IMPRINT)
Name of publisher CRC Press
260 ## - PUBLICATION, DISTRIBUTION, ETC. (IMPRINT)
Year of publication 2017
300 ## - PHYSICAL DESCRIPTION
Number of Pages 341 p
650 ## - SUBJECT ADDED ENTRY--TOPICAL TERM
Topical Term Obstetrics.
942 ## - ADDED ENTRY ELEMENTS (KOHA)
Koha item type Books
Holdings
Withdrawn status Lost status Source of classification or shelving scheme Damaged status Not for loan Permanent Location Current Location Shelving location Date acquired Accession Number Price effective from Koha item type
    Library of Congress Classification     NILE UNIVERSITY OF NIGERIA - MAIN LIBRARY NILE UNIVERSITY OF NIGERIA - MAIN LIBRARY Items on shelf 04/23/2025 0193757 04/23/2025 Books